| Registos Bibliográficos associados ao registo de autoridade |
|
Etiqueta de registo: 00837cam 02200253 04500 001 594640 003 http://id.bnportugal.gov.pt/bib/catbnp/594640 005 19990916161500.0 095 ## $aPTBN00803956 100 ## $a19960327d19 m y0pory0103 ba 101 1# $apor 102 ## $aPT 106 ## $ar 200 1# $a Um noite em Veneza$eopereta em 3 actos$foriginal de F. Zell e Richard Genée$gtrad. Orlando Teixeira$gmúsica de Johann Strauss 210 #9 $aLisboa$cLivr. Popular deFrancisco Franco,$d[19--] 215 ## $a16 p.$d20 cm 225 2# $aCoplas de diversas óperas cómicas$v80 700 #1 $aWalzel,$bCamillo,$f1829-1895$3210725 701 #1 $aGenée,$bRichard,$f1823-1895$4070$3185645 702 #1 $aTeixeira,$bOrlando,$fca 18- -$4730$3179635 702 #1 $aStrauss,$bJohann,$f1825-1899$4030$3120710 801 #0 $aPT$bBN$gRPC 966 ## $lBN$mFGMON$sL. 10571//11 P. 966 ## $lBN$mFGMON$sL. 11181//5 P. $x0 966 ## $lBN$mFGMON$sL. 11182//5 P. $x0 997 ## $aBIBEOD
Etiqueta de registo: 00557nam 2200193 450 001 2285212 003 http://id.bnportugal.gov.pt/bib/catbnp/2285212 100 ## $a20260424d1883 m y0pory01030103ba 101 0# $apor 102 ## $aBR 105 ## $ay z 000iy 106 ## $ar 200 1# $aD. Juanita$eopera-comica em 3 actos e 4 quadros$farranjada do libreto do mesmo titulo de C. Walzet & R. Genée$gpor Eduardo Garrido$gmusica de F. Suppé 210 #9 $aRio de Janeiro$cAugusto dos Santos,$d1883 215 ## $a170 p.$d18 cm 300 ## $aPersonagens: Raul d'Avril, D. Olympia, Clarisse de Lansac, Petrita, Estebanillo, D.
Canuto Delgado de Barriga, Coronel Hock-beef, Tio Pança, Gil Blanco, Gil Negro, General
Lansac, Panchito, Lopo, Vasco, Euzebio, Tenente Cock-tail, criado 317 ## $aConservatório Nacional$5PTBN: C.N. 795 P. 500 10 $aDonna Juanita.$nLibreto 606 ## $aÓperas$j[Libretos]$2SIPOR$31158641 675 ## $a78.089.1$vBN$zpor$3506605 675 ## $a82-293$vBN$zpor$3488282 700 #1 $aWalzel,$bCamillo,$f1829-1895$3210725 701 #1 $aGenée,$bRichard,$f1823-1895$4070$3185645 701 #1 $aSuppé,$bFranz von,$f1819-1895$4230$3122179 702 #1 $aGarrido,$bEduardo,$f1842-1912$4010$331400 712 01 $aPortugal.$bConservatório Nacional.$bEscola de Música$4390$31172174 801 #0 $aPT$bBN$gRPC 966 ## $lBN$mMUSICA$pConservatório Nacional$sC.N. 795 P. $x7 971 ## $cjamaral$d20260424 997 ## $aBIBEOD
|
|
|